Tratado elemental de anatomía medico-quirúrgica, o sea anatomía aplicada a la patología y a la terapeútica médica y quirúrgica, a la obstetricia y a la medicina legal / (Record no. 48001)

MARC details
000 -LEADER
campo de control de longitud fija 00968nam a2200241 i 4500
001 - NÚMERO DE CONTROL
campo de control 48001
003 - IDENTIFICADOR DE NÚMERO DE CONTROL
campo de control ES-MaACL
005 - FECHA Y HORA DE LA ÚLTIMA TRANSACCIÓN
campo de control 20250717091856.0
007 - CAMPO FIJO DE DESCRIPCIÓN FÍSICA--INFORMACIÓN GENERAL
campo de control de longitud fija t|
008 - DATOS DE LONGITUD FIJA--INFORMACIÓN GENERAL
campo de control de longitud fija 940301s1872 sp a ||||1| spa d
040 ## - FUENTE DE CATALOGACIÓN
Centro catalogador/agencia de origen CAM
Lengua de catalogación spa
100 1# - ENTRADA PRINCIPAL--NOMBRE DE PERSONA
Nombre de persona Creus y Manso, Juan.
9 (RLIN) 41578
245 10 - MENCIÓN DEL TÍTULO
Título Tratado elemental de anatomía medico-quirúrgica, o sea anatomía aplicada a la patología y a la terapeútica médica y quirúrgica, a la obstetricia y a la medicina legal /
Mención de responsabilidad, etc. por el Doctor D. Juan Creus.
250 ## - MENCION DE EDICION
Mención de edición 2ª ed., aum. considerablemente y enriquecida con numerosos grabados.
260 ## - PUBLICACIÓN, DISTRIBUCIÓN, ETC.
Lugar de publicación, distribución, etc. Madrid :
Nombre del editor, distribuidor, etc. Carlos Bailly-Baillière,
Fecha de publicación, distribución, etc. 1872.
300 ## - DESCRIPCIÓN FÍSICA
Extensión 1042, 5 p. :
Otras características físicas il. ;
Dimensiones 23 cm.
530 ## - NOTA DISPONIBLE DE FORMULARIO FÍSICO ADICIONAL
Nota de formato físico adicional disponible Disponible en formato digital.
650 #7 - PUNTO DE ACCESO ADICIONAL DE MATERIA--TÉRMINO DE MATERIA
Término de materia o nombre geográfico como elemento de entrada Anatomía humana
Fuente del encabezamiento o término embne
9 (RLIN) 9801
852 ## - LOCALIZACIÓN
Ubicación ES-MaACL
Número de control de estantería G-6079
852 ## - LOCALIZACIÓN
Ubicación ES-MaACL
Número de control de estantería F-13484
856 ## - LOCALIZACIÓN Y ACCESO ELECTRÓNICOS
Identificador Uniforme de Recursos <a href="http://bdh-rd.bne.es/viewer.vm?id=0000038485&page=1 ">http://bdh-rd.bne.es/viewer.vm?id=0000038485&page=1 </a>
Nota pública Biblioteca Digital Hispánica
Holdings
Estatus retirado Estado de pérdida Estado de daño No para préstamo Colección Biblioteca de origen Biblioteca actual Ubicación en estantería Fecha de adquisición Fuente de adquisición Total de préstamos Signatura topográfica completa Código de barras Visto por última vez Precio de reemplazo Tipo de ítem Koha
        Colección digital Biblioteca del Ateneo de Madrid Biblioteca del Ateneo de Madrid Sala Pecera Planta 2 17/01/2008     F-13484 1050516 23/02/2023 23/02/2023 Libro impreso antiguo
        Colección digital Biblioteca del Ateneo de Madrid Biblioteca del Ateneo de Madrid Depósito 2 17/01/2008     G-6079 1050515 23/02/2023 23/02/2023 Libro impreso antiguo